Statistics for Largest Country Subdivisions of the World

Click here to take the quiz!

General Stats

  • This quiz has been taken 90 times
  • The average score is 8 of 15

Answer Stats

CountrySizeClassificationSubdivision% Correct
United States1,717,854StateAlaska
94%
Denmark2,339,700TerritoryGreenland
83%
Australia1,852,642StateQueensland
72%
Australia2,645,615StateWestern Australia
72%
Canada1,542,056ProvinceQuébec
63%
China1,228,400RegionTibet
63%
Canada2,093,190TerritoryNunavut
61%
Canada1,346,106TerritoryNorthwest Territories
52%
China1,183,000RegionInner Mongolia
50%
Brazil1,570,947StateAmazonas
49%
Australia1,420,968TerritoryNorthern Territory
46%
China1,660,000RegionXinjiang
44%
Russia3,103,200Federal SubjectSakha
34%
Brazil1,253,164StatePará
28%
Russia2,339,700Federal SubjectKrasnoyarsk
22%

Score Distribution

Percentile by Number Answered

Percent of People with Each Score

Your Score History

You have not taken this quiz